<?xml version="1.0" encoding="UTF-8"?><?xml-stylesheet type="text/xsl" href="static/style.xsl"?><OAI-PMH xmlns="http://www.openarchives.org/OAI/2.0/" xmlns:xsi="http://www.w3.org/2001/XMLSchema-instance" xsi:schemaLocation="http://www.openarchives.org/OAI/2.0/ http://www.openarchives.org/OAI/2.0/OAI-PMH.xsd"><responseDate>2026-04-18T04:40:38Z</responseDate><request verb="GetRecord" identifier="oai:www.recercat.cat:2445/119581" metadataPrefix="marc">https://recercat.cat/oai/request</request><GetRecord><record><header><identifier>oai:recercat.cat:2445/119581</identifier><datestamp>2025-12-05T05:44:45Z</datestamp><setSpec>com_2072_1057</setSpec><setSpec>col_2072_478824</setSpec><setSpec>col_2072_478825</setSpec><setSpec>col_2072_478858</setSpec><setSpec>col_2072_478917</setSpec><setSpec>col_2072_478921</setSpec></header><metadata><record xmlns="http://www.loc.gov/MARC21/slim" xmlns:dcterms="http://purl.org/dc/terms/" xmlns:xsi="http://www.w3.org/2001/XMLSchema-instance" xmlns:doc="http://www.lyncode.com/xoai" xsi:schemaLocation="http://www.loc.gov/MARC21/slim http://www.loc.gov/standards/marcxml/schema/MARC21slim.xsd">
   <leader>00925njm 22002777a 4500</leader>
   <datafield ind2=" " ind1=" " tag="042">
      <subfield code="a">dc</subfield>
   </datafield>
   <datafield ind2=" " ind1=" " tag="720">
      <subfield code="a">Granados Oliveros, Ulises</subfield>
      <subfield code="e">author</subfield>
   </datafield>
   <datafield ind2=" " ind1=" " tag="720">
      <subfield code="a">Fuster Pelfort, David</subfield>
      <subfield code="e">author</subfield>
   </datafield>
   <datafield ind2=" " ind1=" " tag="720">
      <subfield code="a">Pericàs, Juan M.</subfield>
      <subfield code="e">author</subfield>
   </datafield>
   <datafield ind2=" " ind1=" " tag="720">
      <subfield code="a">Llopis Pérez, Jaime</subfield>
      <subfield code="e">author</subfield>
   </datafield>
   <datafield ind2=" " ind1=" " tag="720">
      <subfield code="a">Ninot, Salvador</subfield>
      <subfield code="e">author</subfield>
   </datafield>
   <datafield ind2=" " ind1=" " tag="720">
      <subfield code="a">Quintana, Eduard</subfield>
      <subfield code="e">author</subfield>
   </datafield>
   <datafield ind2=" " ind1=" " tag="720">
      <subfield code="a">Almela, M. (Manel)</subfield>
      <subfield code="e">author</subfield>
   </datafield>
   <datafield ind2=" " ind1=" " tag="720">
      <subfield code="a">Pare i Bardera, J. Carles</subfield>
      <subfield code="e">author</subfield>
   </datafield>
   <datafield ind2=" " ind1=" " tag="720">
      <subfield code="a">Tolosana, José M. (José María)</subfield>
      <subfield code="e">author</subfield>
   </datafield>
   <datafield ind2=" " ind1=" " tag="720">
      <subfield code="a">Falces Salvador, Carles</subfield>
      <subfield code="e">author</subfield>
   </datafield>
   <datafield ind2=" " ind1=" " tag="720">
      <subfield code="a">Moreno Camacho, Ma. Asunción</subfield>
      <subfield code="e">author</subfield>
   </datafield>
   <datafield ind2=" " ind1=" " tag="720">
      <subfield code="a">Pons Pons, Francisca</subfield>
      <subfield code="e">author</subfield>
   </datafield>
   <datafield ind2=" " ind1=" " tag="720">
      <subfield code="a">Lomeña Caballero, Francisco Juan</subfield>
      <subfield code="e">author</subfield>
   </datafield>
   <datafield ind2=" " ind1=" " tag="720">
      <subfield code="a">Miró Meda, José M. (José María), 1956-</subfield>
      <subfield code="e">author</subfield>
   </datafield>
   <datafield ind2=" " ind1=" " tag="260">
      <subfield code="c">2018-02-05T12:41:53Z</subfield>
   </datafield>
   <datafield ind2=" " ind1=" " tag="260">
      <subfield code="c">2018-02-05T12:41:53Z</subfield>
   </datafield>
   <datafield ind2=" " ind1=" " tag="260">
      <subfield code="c">2016-06-03</subfield>
   </datafield>
   <datafield ind2=" " ind1=" " tag="260">
      <subfield code="c">2018-02-05T12:41:53Z</subfield>
   </datafield>
   <datafield ind2=" " ind1=" " tag="520">
      <subfield code="a">Early diagnosis of infective endocarditis (IE) is based on the yielding of blood cultures and echocardiographic findings. However, they have limitations and sometimes the diagnosis is inconclusive, particularly in patients with prosthetic valves (PV) and implantable cardiac electronic devices (ICED). The primary aim of this study was to evaluate the diagnostic accuracy of 18F-fluorodeoxyglucose positron emission tomography/computed tomography (18F-FDG PET/CT) in patients with suspected IE an ICED infection. METHODS: A prospective study with 80 consecutive patients with suspected IE and ICED infection (65 men and 15 women with a mean age of 68±13 years old) between June 2013 and May 2015 was performed in our hospital. The inclusion criteria was clinically suspected IE and ICED infection at the following locations: native valve (NV) (n = 21), PV (n = 29) or ICED (n = 30) [(automatic implantable defibrillator (n = 11) or pacemaker (n = 19)]. Whole-body 18F-FDG PET/CT with a myocardial uptake suppression protocol with unfractionated heparin was performed in all patients. The final diagnosis of infection was established by the IE study Group according to the clinical, echocardiographic and microbiological findings. RESULTS: A final diagnosis of infection was confirmed in 31 patients: NV (n = 6), PV (n = 12) and ICED (n = 13). Sensitivity, specificity, positive predictive value (PPV) and negative predictive value (NPV) for 18F-FDG PET/CT was 82%, 96%, 94% and 87%, respectively. 18F-FDG PET/CT was false negative in all cases with infected NV. 18F-FDG PET/CT was able to reclassify 63/70 (90%) patients initially classified as possible IE by modified Duke criteria. In 18/70 cases 18F-FDG PET/CT changed possible to definite IE (26%) and in 45/70 cases changed possible to rejected IE (64%). Additionally, 18F-FDG PET/CT identified 8 cases of septic embolism and 3 colorectal cancer in patients with final diagnosis of IE. CONCLUSION: 18F-FDG PET/CT proved to be a useful diagnostic tool in suspected IE and ICED infection and should be included in the diagnostic algorithm for early diagnosis. 18F-FDG PET/CT is not useful in the diagnosis of IE in NV, but should be also considered in the initial assessment of this complex scenario to rule out extracardiac complications and possible neoplasms.</subfield>
   </datafield>
   <datafield tag="653" ind2=" " ind1=" ">
      <subfield code="a">Endocarditis</subfield>
   </datafield>
   <datafield tag="653" ind2=" " ind1=" ">
      <subfield code="a">Infeccions</subfield>
   </datafield>
   <datafield tag="653" ind2=" " ind1=" ">
      <subfield code="a">Embòlia pulmonar</subfield>
   </datafield>
   <datafield tag="653" ind2=" " ind1=" ">
      <subfield code="a">Estudi de casos</subfield>
   </datafield>
   <datafield tag="653" ind2=" " ind1=" ">
      <subfield code="a">Endocarditis</subfield>
   </datafield>
   <datafield tag="653" ind2=" " ind1=" ">
      <subfield code="a">Infections</subfield>
   </datafield>
   <datafield tag="653" ind2=" " ind1=" ">
      <subfield code="a">Pulmonary embolism</subfield>
   </datafield>
   <datafield tag="653" ind2=" " ind1=" ">
      <subfield code="a">Case studies</subfield>
   </datafield>
   <datafield ind2="0" ind1="0" tag="245">
      <subfield code="a">Diagnostic accuracy of 18F-FDG PET/CT in infective endocarditis and implantable cardiac electronic device infection: A cross-sectional study.</subfield>
   </datafield>
</record></metadata></record></GetRecord></OAI-PMH>